[Event "Team men PL final"]
[Site "Sochi"]
[Date "2018.05.05"]
[Round "5.26"]
[White "Esipenko, Andrey"]
[Black "Paravyan, David"]
[Result "1/2-1/2"]
[BlackElo "2620"]
[WhiteElo "2587"]
[LiveChessVersion "1.4.8"]

1. d4 {[%clk 1:30:56]} Nf6 {[%clk 1:30:58]} 2. c4 {[%clk 1:31:18]} g6
{[%clk 1:31:26]} 3. g3 {[%clk 1:31:36]} Bg7 {[%clk 1:31:54]} 4. Bg2
{[%clk 1:32:00]} O-O {[%clk 1:32:22]} 5. Nf3 {[%clk 1:31:25]} d6 {[%clk 1:32:22]}
6. O-O {[%clk 1:31:14]} c5 {[%clk 1:32:51]} 7. Nc3 {[%clk 1:26:59]} Nc6
{[%clk 1:17:44]} 8. dxc5 {[%clk 1:25:41]} dxc5 {[%clk 1:18:10]} 9. Be3
{[%clk 1:25:11]} Ng4 {[%clk 1:18:16]} 10. Qxd8 {[%clk 1:13:03]} Rxd8
{[%clk 1:18:43]} 11. Bxc5 {[%clk 1:13:25]} Be6 {[%clk 1:18:57]} 12. h3
{[%clk 0:59:59]} Nf6 {[%clk 1:18:45]} 13. Rfd1 {[%clk 0:56:56]} Nd7
{[%clk 1:16:19]} 14. Bd4 {[%clk 0:53:36]} Bxc4 {[%clk 1:03:37]} 15. Bxg7
{[%clk 0:53:48]} Kxg7 {[%clk 1:04:04]} 16. Nd2 {[%clk 0:46:15]} Be6
{[%clk 1:02:40]} 17. Bxc6 {[%clk 0:45:23]} bxc6 {[%clk 1:03:07]} 18. g4
{[%clk 0:45:47]} Nf6 {[%clk 1:00:06]} 19. b3 {[%clk 0:43:45]} h5 {[%clk 0:57:17]}
20. f3 {[%clk 0:43:01]} Nd5 {[%clk 0:55:39]} 21. Nde4 {[%clk 0:39:55]} Nf4
{[%clk 0:53:33]} 22. Ng5 {[%clk 0:37:34]} Bd5 {[%clk 0:41:42]} 23. e3
{[%clk 0:32:06]} Ne6 {[%clk 0:42:06]} 24. Nxe6+ {[%clk 0:32:19]} Bxe6
{[%clk 0:42:34]} 25. Kf2 {[%clk 0:31:34]} hxg4 {[%clk 0:40:33]} 26. hxg4
{[%clk 0:31:58]} c5 {[%clk 0:40:46]} 27. Ne4 {[%clk 0:20:43]} c4 {[%clk 0:39:34]}
28. Nc5 {[%clk 0:15:39]} cxb3 {[%clk 0:30:31]} 29. axb3 {[%clk 0:15:52]} Rxd1
{[%clk 0:30:33]} 30. Rxd1 {[%clk 0:15:25]} Rb8 {[%clk 0:29:24]} 31. Ra1
{[%clk 0:15:41]} a5 {[%clk 0:29:03]} 32. Rxa5 {[%clk 0:15:41]} Bxb3
{[%clk 0:29:28]} 33. Ra7 {[%clk 0:16:06]} Rb5 {[%clk 0:26:04]} 34. Nxb3
{[%clk 0:16:19]} Rxb3 {[%clk 0:26:31]} 35. Rxe7 {[%clk 0:16:41]} g5
{[%clk 0:26:54]} 36. Ke2 {[%clk 0:16:26]} Kg6 {[%clk 0:27:18]} 37. Rc7
{[%clk 0:16:48]} Ra3 {[%clk 0:27:14]} 38. Kd2 {[%clk 0:17:11]} f6
{[%clk 0:27:25]} 39. Rc3 {[%clk 0:17:16]} Ra2+ {[%clk 0:27:36]} 40. Kd3
{[%clk 0:47:39]} Ra4 {[%clk 0:57:35]} 41. Rc4 {[%clk 0:48:02]} Ra3+
{[%clk 0:57:59]} 42. Ke4 {[%clk 0:48:25]} Rb3 {[%clk 0:58:03]} 43. Rd4
{[%clk 0:48:49]} Ra3 {[%clk 0:58:26]} 44. Rd3 {[%clk 0:49:07]} Ra4+
{[%clk 0:56:50]} 45. Rd4 {[%clk 0:46:17]} Ra3 {[%clk 0:54:59]} 46. Rc4
{[%clk 0:46:40]} Rb3 {[%clk 0:55:21]} 47. Kd4 {[%clk 0:47:01]} Ra3
{[%clk 0:55:40]} 48. Rc3 {[%clk 0:47:14]} Ra5 {[%clk 0:54:23]} 49. e4
{[%clk 0:47:19]} 1/2-1/2

[Event "Team men PL final"]
[Site "Sochi"]
[Date "2018.05.05"]
[Round "5.27"]
[White "Stupak, Kirill"]
[Black "Kobalia, Mikhail"]
[Result "1/2-1/2"]
[BlackElo "2601"]
[WhiteElo "2556"]
[LiveChessVersion "1.4.8"]

1. d4 {[%clk 1:30:58]} f5 {[%clk 1:30:46]} 2. g3 {[%clk 1:31:24]} Nf6
{[%clk 1:31:12]} 3. Bg2 {[%clk 1:31:52]} d6 {[%clk 1:31:18]} 4. Nh3
{[%clk 1:25:02]} e5 {[%clk 1:31:23]} 5. dxe5 {[%clk 1:22:06]} dxe5
{[%clk 1:31:22]} 6. Qxd8+ {[%clk 1:22:30]} Kxd8 {[%clk 1:31:49]} 7. Nc3
{[%clk 1:20:31]} h6 {[%clk 1:31:33]} 8. Be3 {[%clk 1:09:44]} c6 {[%clk 1:28:42]}
9. O-O-O+ {[%clk 1:08:48]} Nbd7 {[%clk 1:26:52]} 10. f3 {[%clk 1:02:24]} Kc7
{[%clk 1:11:37]} 11. Nf2 {[%clk 1:00:55]} Bc5 {[%clk 1:11:38]} 12. Bxc5
{[%clk 0:59:49]} Nxc5 {[%clk 1:12:04]} 13. Rhe1 {[%clk 0:58:53]} Be6
{[%clk 0:57:21]} 14. e4 {[%clk 0:34:18]} f4 {[%clk 0:49:10]} 15. gxf4
{[%clk 0:32:48]} exf4 {[%clk 0:49:37]} 16. Ne2 {[%clk 0:33:15]} g5
{[%clk 0:49:58]} 17. Nd4 {[%clk 0:33:08]} Rae8 {[%clk 0:49:45]} 18. h4
{[%clk 0:32:47]} Bc8 {[%clk 0:45:43]} 19. Bh3 {[%clk 0:32:03]} Bxh3
{[%clk 0:42:38]} 20. Nxh3 {[%clk 0:32:15]} g4 {[%clk 0:42:13]} 21. fxg4
{[%clk 0:21:39]} Nxg4 {[%clk 0:41:40]} 22. Nxf4 {[%clk 0:19:24]} Rhf8
{[%clk 0:41:27]} 23. Nd3 {[%clk 0:15:16]} Nxe4 {[%clk 0:41:08]} 24. Re2
{[%clk 0:15:26]} Nef2 {[%clk 0:33:57]} 25. Nxf2 {[%clk 0:09:34]} Nxf2
{[%clk 0:34:06]} 26. Rxe8 {[%clk 0:05:44]} Rxe8 {[%clk 0:34:34]} 27. Rf1
{[%clk 0:06:13]} Re4 {[%clk 0:32:59]} 28. c3 {[%clk 0:06:31]} Nd3+
{[%clk 0:31:42]} 29. Kc2 {[%clk 0:06:51]} Ne5 {[%clk 0:30:57]} 30. Rf5
{[%clk 0:04:31]} a6 {[%clk 0:25:59]} 31. h5 {[%clk 0:04:24]} c5 {[%clk 0:21:38]}
32. Ne6+ {[%clk 0:04:47]} Kd6 {[%clk 0:22:00]} 33. Nf4 {[%clk 0:03:57]} Ng4
{[%clk 0:21:59]} 34. Rf8 {[%clk 0:02:47]} c4 {[%clk 0:16:33]} 35. Kd2
{[%clk 0:03:11]} Kc7 {[%clk 0:07:11]} 36. Rf7+ {[%clk 0:03:08]} Kc6
{[%clk 0:07:25]} 37. Ne2 {[%clk 0:03:03]} b5 {[%clk 0:05:59]} 38. Nd4+
{[%clk 0:02:47]} Kb6 {[%clk 0:06:28]} 39. Rg7 {[%clk 0:01:09]} Ne5
{[%clk 0:06:32]} 40. Rh7 {[%clk 0:31:32]} Ng4 {[%clk 0:36:53]} 41. Rd7
{[%clk 0:28:01]} Rf4 {[%clk 0:19:36]} 42. Rd6+ {[%clk 0:27:48]} Kb7
{[%clk 0:17:54]} 43. Rg6 {[%clk 0:26:05]} Ne5 {[%clk 0:18:02]} 44. Rxh6
{[%clk 0:20:14]} Rf2+ {[%clk 0:18:27]} 45. Ne2 {[%clk 0:20:31]} Rh2
{[%clk 0:18:07]} 46. a3 {[%clk 0:19:45]} Nd3 {[%clk 0:14:22]} 47. Ke3
{[%clk 0:18:51]} Nxb2 {[%clk 0:14:51]} 48. Nf4 {[%clk 0:18:41]} Nd1+
{[%clk 0:13:11]} 49. Kd4 {[%clk 0:17:17]} Rd2+ {[%clk 0:13:36]} 1/2-1/2

[Event "Team men PL final"]
[Site "Sochi"]
[Date "2018.05.05"]
[Round "5.28"]
[White "Iljiushenok, Ilia"]
[Black "Yuffa, Daniil"]
[Result "1/2-1/2"]
[BlackElo "2566"]
[WhiteElo "2516"]
[LiveChessVersion "1.4.8"]

1. e4 {[%clk 1:30:56]} c6 {[%clk 1:30:20]} 2. d4 {[%clk 1:31:09]} d5
{[%clk 1:30:46]} 3. e5 {[%clk 1:31:12]} Bf5 {[%clk 1:31:10]} 4. h4
{[%clk 1:31:12]} h5 {[%clk 1:31:33]} 5. Bd3 {[%clk 1:31:13]} Bxd3
{[%clk 1:31:55]} 6. Qxd3 {[%clk 1:31:39]} Qa5+ {[%clk 1:32:17]} 7. Nd2
{[%clk 1:31:25]} e6 {[%clk 1:31:18]} 8. Ne2 {[%clk 1:31:27]} Qa6 {[%clk 1:24:18]}
9. c4 {[%clk 1:30:36]} Ne7 {[%clk 1:17:22]} 10. b3 {[%clk 1:30:26]} c5
{[%clk 1:13:01]} 11. O-O {[%clk 1:25:43]} Nbc6 {[%clk 1:09:27]} 12. Nf3
{[%clk 1:21:10]} cxd4 {[%clk 0:56:59]} 13. Bg5 {[%clk 1:07:48]} Ng6
{[%clk 0:48:12]} 14. Nexd4 {[%clk 1:05:33]} dxc4 {[%clk 0:39:58]} 15. bxc4
{[%clk 1:05:17]} Nxd4 {[%clk 0:30:20]} 16. Nxd4 {[%clk 1:03:04]} Bc5
{[%clk 0:28:38]} 17. Nb5 {[%clk 1:01:41]} Qc6 {[%clk 0:28:07]} 18. Nd6+
{[%clk 0:59:01]} Kf8 {[%clk 0:23:45]} 19. Qc3 {[%clk 0:40:07]} Bxd6
{[%clk 0:14:49]} 20. exd6 {[%clk 0:40:29]} Qxd6 {[%clk 0:14:53]} 21. Rad1
{[%clk 0:38:28]} Qc6 {[%clk 0:15:12]} 22. Qb4+ {[%clk 0:24:17]} Kg8
{[%clk 0:15:38]} 23. Rd6 {[%clk 0:24:43]} a5 {[%clk 0:14:24]} 24. Qd2
{[%clk 0:21:41]} Qxc4 {[%clk 0:12:59]} 25. Rc1 {[%clk 0:21:41]} Qg4
{[%clk 0:11:12]} 26. Rc7 {[%clk 0:20:27]} Nxh4 {[%clk 0:08:15]} 27. Bxh4
{[%clk 0:20:33]} Qxh4 {[%clk 0:08:40]} 28. Rdd7 {[%clk 0:19:25]} Rf8
{[%clk 0:06:46]} 29. Qd6 {[%clk 0:10:03]} Qb4 {[%clk 0:06:09]} 30. Qe5
{[%clk 0:07:20]} h4 {[%clk 0:04:26]} 31. Rxb7 {[%clk 0:06:00]} Qa3
{[%clk 0:04:53]} 32. Rxf7 {[%clk 0:02:30]} Qc1+ {[%clk 0:02:37]} 33. Kh2
{[%clk 0:03:00]} Rxf7 {[%clk 0:03:01]} 34. Rb8+ {[%clk 0:03:24]} Kh7
{[%clk 0:01:09]} 35. Qh5+ {[%clk 0:03:45]} Qh6 {[%clk 0:01:34]} 36. Rxh8+
{[%clk 0:04:12]} Kxh8 {[%clk 0:02:02]} 37. Qxf7 {[%clk 0:04:38]} Kh7
{[%clk 0:01:29]} 38. Kh3 {[%clk 0:03:40]} Qd2 {[%clk 0:00:54]} 39. Qh5+
{[%clk 0:01:44]} Kg8 {[%clk 0:01:20]} 40. Qe8+ {[%clk 0:31:43]} Kh7
{[%clk 0:31:47]} 41. Qh5+ {[%clk 0:31:57]} Kg8 {[%clk 0:32:12]} 1/2-1/2

[Event "Team men PL final"]
[Site "Sochi"]
[Date "2018.05.05"]
[Round "5.29"]
[White "Antipov, Mikhail Al."]
[Black "Triapishko, Alexandr"]
[Result "1-0"]
[BlackElo "2510"]
[WhiteElo "2597"]
[LiveChessVersion "1.4.8"]

1. d4 {[%clk 1:30:58]} d5 {[%clk 1:30:11]} 2. c4 {[%clk 1:31:22]} e6
{[%clk 1:22:39]} 3. Nf3 {[%clk 1:31:46]} c6 {[%clk 1:23:00]} 4. Nbd2
{[%clk 1:32:09]} f5 {[%clk 1:23:06]} 5. Ne5 {[%clk 1:25:12]} Nf6 {[%clk 1:16:10]}
6. g3 {[%clk 1:19:21]} Nbd7 {[%clk 1:11:47]} 7. Nd3 {[%clk 1:18:33]} Bd6
{[%clk 0:58:28]} 8. Qc2 {[%clk 1:13:55]} O-O {[%clk 0:57:20]} 9. Nf3
{[%clk 1:05:31]} Ne4 {[%clk 0:36:27]} 10. c5 {[%clk 1:03:10]} Bc7
{[%clk 0:35:29]} 11. Bg2 {[%clk 0:52:48]} g5 {[%clk 0:33:05]} 12. Nfe5
{[%clk 0:48:25]} Bxe5 {[%clk 0:28:15]} 13. dxe5 {[%clk 0:48:03]} b6
{[%clk 0:19:04]} 14. h4 {[%clk 0:32:28]} g4 {[%clk 0:12:09]} 15. cxb6
{[%clk 0:32:34]} Qxb6 {[%clk 0:09:43]} 16. Be3 {[%clk 0:32:33]} c5
{[%clk 0:07:54]} 17. O-O {[%clk 0:29:18]} d4 {[%clk 0:05:51]} 18. Bf4
{[%clk 0:27:07]} Ba6 {[%clk 0:02:45]} 19. f3 {[%clk 0:24:34]} gxf3
{[%clk 0:03:11]} 20. exf3 {[%clk 0:24:58]} Bxd3 {[%clk 0:02:40]} 21. Qxd3
{[%clk 0:25:14]} c4 {[%clk 0:03:05]} 22. Qxc4 {[%clk 0:25:28]} Rac8
{[%clk 0:02:49]} 23. Qd3 {[%clk 0:23:29]} Ndc5 {[%clk 0:01:51]} 24. Qd1
{[%clk 0:23:28]} d3 {[%clk 0:01:04]} 25. Kh1 {[%clk 0:15:40]} Nxg3+
{[%clk 0:01:08]} 26. Bxg3 {[%clk 0:16:05]} Qxb2 {[%clk 0:01:33]} 27. Qc1
{[%clk 0:14:42]} Qd4 {[%clk 0:00:51]} 28. Qf4 {[%clk 0:11:49]} Rfd8
{[%clk 0:00:40]} 29. Qg5+ {[%clk 0:12:00]} Kf7 {[%clk 0:01:04]} 30. Qf6+
{[%clk 0:08:36]} Ke8 {[%clk 0:01:33]} 31. Qh8+ {[%clk 0:08:42]} Kf7
{[%clk 0:00:52]} 32. Qxh7+ {[%clk 0:09:06]} Kf8 {[%clk 0:01:15]} 33. Rad1
{[%clk 0:08:37]} Rb8 {[%clk 0:00:39]} 34. Bf2 {[%clk 0:08:09]} Qd5
{[%clk 0:00:34]} 35. Be3 {[%clk 0:07:47]} Rb4 {[%clk 0:00:34]} 36. Bh6+
{[%clk 0:07:59]} Ke8 {[%clk 0:01:03]} 37. Bg5 {[%clk 0:08:21]} 1-0

[Event "Team men PL final"]
[Site "Sochi"]
[Date "2018.05.05"]
[Round "5.30"]
[White "Chernobay, Artem"]
[Black "Lomasov, Semen"]
[Result "0-1"]
[BlackElo "2559"]
[WhiteElo "2510"]
[LiveChessVersion "1.4.8"]

1. c4 {[%clk 1:30:57]} c5 {[%clk 1:30:24]} 2. Nf3 {[%clk 1:31:09]} Nf6
{[%clk 1:30:42]} 3. g3 {[%clk 1:30:42]} Nc6 {[%clk 1:29:44]} 4. Bg2
{[%clk 1:30:22]} d5 {[%clk 1:30:05]} 5. cxd5 {[%clk 1:30:20]} Nxd5
{[%clk 1:30:27]} 6. Nc3 {[%clk 1:30:08]} Nc7 {[%clk 1:30:48]} 7. O-O
{[%clk 1:26:13]} e5 {[%clk 1:31:10]} 8. a3 {[%clk 1:24:03]} Rb8 {[%clk 1:31:07]}
9. b3 {[%clk 1:21:36]} Be7 10. Bb2 {[%clk 1:21:35]} O-O {[%clk 1:29:21]} 11. d3
{[%clk 1:20:39]} Be6 {[%clk 1:28:30]} 12. Rc1 {[%clk 1:19:30]} f6
{[%clk 1:25:17]} 13. Nd2 {[%clk 1:11:25]} Qd7 {[%clk 1:24:32]} 14. Na4
{[%clk 1:07:20]} Na6 {[%clk 1:20:45]} 15. Re1 {[%clk 0:42:10]} Nd4
{[%clk 1:16:48]} 16. Nc3 {[%clk 0:38:57]} Rfd8 {[%clk 1:16:04]} 17. Ba1
{[%clk 0:37:10]} Bf8 {[%clk 1:14:47]} 18. Rb1 {[%clk 0:36:46]} Rbc8
{[%clk 1:10:27]} 19. Qc1 {[%clk 0:35:51]} Nb4 {[%clk 0:55:13]} 20. Qb2
{[%clk 0:28:42]} Qf7 {[%clk 0:35:04]} 21. Rbc1 {[%clk 0:14:05]} Nbc6
{[%clk 0:35:05]} 22. Nce4 {[%clk 0:10:57]} Na5 {[%clk 0:27:52]} 23. Nxc5
{[%clk 0:03:39]} Bxc5 {[%clk 0:27:47]} 24. b4 {[%clk 0:04:06]} Nab3
{[%clk 0:27:31]} 25. Nxb3 {[%clk 0:04:25]} Nxb3 {[%clk 0:27:58]} 26. bxc5
{[%clk 0:04:50]} Nxc1 {[%clk 0:28:24]} 27. Rxc1 {[%clk 0:05:16]} b6
{[%clk 0:25:50]} 28. cxb6 {[%clk 0:04:27]} Rxc1+ {[%clk 0:26:13]} 29. Qxc1
{[%clk 0:04:54]} axb6 {[%clk 0:26:35]} 30. Bb2 {[%clk 0:01:39]} Rc8
{[%clk 0:26:38]} 31. Qd2 {[%clk 0:02:04]} Bb3 {[%clk 0:25:18]} 32. Qb4
{[%clk 0:01:11]} Rc2 {[%clk 0:25:39]} 33. Qxb6 {[%clk 0:01:15]} g6
{[%clk 0:24:38]} 34. Qb8+ {[%clk 0:01:16]} Kg7 {[%clk 0:25:07]} 35. Bxe5
{[%clk 0:01:37]} Rc1+ {[%clk 0:25:15]} 36. Bf1 {[%clk 0:02:03]} fxe5
{[%clk 0:25:41]} 37. Qxe5+ {[%clk 0:02:30]} Qf6 {[%clk 0:26:03]} 38. Qxf6+
{[%clk 0:00:51]} Kxf6 {[%clk 0:26:25]} 39. f4 {[%clk 0:01:13]} Ra1
{[%clk 0:24:49]} 40. h4 {[%clk 0:31:23]} Be6 {[%clk 0:52:54]} 41. Kf2
{[%clk 0:31:40]} Bg4 {[%clk 0:52:02]} 42. Bg2 {[%clk 0:31:14]} Ra2
{[%clk 0:50:10]} 43. Bf3 {[%clk 0:31:25]} h5 {[%clk 0:49:02]} 44. Ke3
{[%clk 0:31:33]} Ke6 {[%clk 0:44:14]} 45. Kf2 {[%clk 0:31:40]} Rxa3
{[%clk 0:43:40]} 46. Ke3 {[%clk 0:32:02]} Ra2 {[%clk 0:37:43]} 47. Kf2
{[%clk 0:32:22]} Kd6 {[%clk 0:33:32]} 48. Ke3 {[%clk 0:32:30]} Kc5
{[%clk 0:32:33]} 49. Ke4 {[%clk 0:32:34]} Rxe2+ {[%clk 0:30:48]} 0-1

[Event "Team men PL final"]
[Site "Sochi"]
[Date "2018.05.07"]
[Round "6.1"]
[White "Svidler, Peter"]
[Black "Sarana, Alexey"]
[Result "1-0"]
[BlackElo "2587"]
[WhiteElo "2760"]
[LiveChessVersion "1.4.8"]

1. e4 {[%clk 1:30:53]} c5 {[%clk 1:30:51]} 2. Nf3 {[%clk 1:31:17]} d6
{[%clk 1:31:15]} 3. d4 {[%clk 1:31:42]} cxd4 {[%clk 1:31:41]} 4. Nxd4
{[%clk 1:32:07]} Nf6 {[%clk 1:32:00]} 5. Nc3 {[%clk 1:32:33]} a6 {[%clk 1:32:10]}
6. h3 {[%clk 1:32:37]} e5 {[%clk 1:31:57]} 7. Nde2 {[%clk 1:32:36]} b5
{[%clk 1:32:09]} 8. Ng3 {[%clk 1:30:05]} Qc7 {[%clk 1:30:39]} 9. Bd3
{[%clk 1:29:12]} g6 {[%clk 1:27:33]} 10. O-O {[%clk 1:26:51]} Bg7
{[%clk 1:21:54]} 11. Bd2 {[%clk 1:23:43]} O-O {[%clk 1:16:06]} 12. a4
{[%clk 1:22:26]} bxa4 {[%clk 1:07:22]} 13. Rxa4 {[%clk 1:15:07]} Nbd7
{[%clk 1:07:22]} 14. b4 {[%clk 1:12:50]} Nb6 {[%clk 1:04:15]} 15. Ra5
{[%clk 1:11:25]} Nc4 {[%clk 0:58:13]} 16. Nb5 {[%clk 1:10:41]} Qb7
{[%clk 0:41:06]} 17. Bxc4 {[%clk 1:09:49]} axb5 {[%clk 0:41:03]} 18. Rxb5
{[%clk 1:09:54]} Qc7 {[%clk 0:40:05]} 19. Bd3 {[%clk 1:06:56]} Bb7
{[%clk 0:38:29]} 20. Qe2 {[%clk 1:00:26]} Rfc8 {[%clk 0:32:34]} 21. Ra5
{[%clk 0:57:51]} d5 {[%clk 0:31:10]} 22. Rb1 {[%clk 0:40:15]} d4 {[%clk 0:26:33]}
23. Rba1 {[%clk 0:37:44]} Ne8 {[%clk 0:24:17]} 24. Nf1 {[%clk 0:30:51]} Nd6
{[%clk 0:24:10]} 25. Be1 {[%clk 0:28:29]} Bh6 {[%clk 0:16:01]} 26. Nd2
{[%clk 0:24:49]} Qc6 {[%clk 0:15:30]} 27. b5 {[%clk 0:13:50]} Qc7
{[%clk 0:15:17]} 28. Rxa8 {[%clk 0:09:34]} Bxa8 {[%clk 0:15:42]} 29. Nf3
{[%clk 0:06:53]} Nb7 {[%clk 0:14:03]} 30. b6 {[%clk 0:03:53]} Qd6
{[%clk 0:12:48]} 31. Ba6 {[%clk 0:01:33]} Qxb6 {[%clk 0:05:09]} 32. Nxe5
{[%clk 0:01:59]} Qb2 {[%clk 0:03:36]} 33. Qd1 {[%clk 0:01:56]} Qb6
{[%clk 0:03:04]} 34. Bd3 {[%clk 0:00:55]} Nd6 {[%clk 0:03:02]} 35. Qg4
{[%clk 0:01:08]} Qb2 {[%clk 0:01:59]} 36. Rd1 {[%clk 0:00:43]} Qb7
{[%clk 0:00:42]} 37. Nf3 {[%clk 0:00:45]} Qe7 {[%clk 0:00:33]} 38. Bb4
{[%clk 0:01:06]} Rd8 {[%clk 0:00:39]} 39. Ra1 {[%clk 0:01:17]} Qb7
{[%clk 0:00:44]} 40. Qh4 {[%clk 0:32:01]} 1-0

[Event "Team men PL final"]
[Site "Sochi"]
[Date "2018.05.07"]
[Round "6.2"]
[White "Esipenko, Andrey"]
[Black "Fedoseev, Vladimir"]
[Result "1/2-1/2"]
[BlackElo "2706"]
[WhiteElo "2587"]
[LiveChessVersion "1.4.8"]

1. d4 {[%clk 1:30:54]} Nf6 {[%clk 1:30:53]} 2. c4 {[%clk 1:31:15]} e6
{[%clk 1:31:19]} 3. Nf3 {[%clk 1:31:22]} d5 {[%clk 1:31:43]} 4. Nc3
{[%clk 1:31:15]} Be7 {[%clk 1:32:06]} 5. Bf4 {[%clk 1:27:05]} O-O
{[%clk 1:32:08]} 6. e3 {[%clk 1:26:36]} b6 {[%clk 1:32:29]} 7. Be2
{[%clk 1:25:21]} dxc4 {[%clk 1:31:12]} 8. Bxc4 {[%clk 1:25:46]} Ba6
{[%clk 1:31:33]} 9. Bxa6 {[%clk 1:26:12]} Nxa6 {[%clk 1:31:54]} 10. Qa4
{[%clk 1:23:55]} Nb4 {[%clk 1:23:26]} 11. O-O {[%clk 1:22:39]} Nbd5
{[%clk 1:05:13]} 12. Nxd5 {[%clk 1:19:12]} Nxd5 {[%clk 1:04:58]} 13. Bg3
{[%clk 1:19:13]} Qe8 {[%clk 1:02:59]} 14. Qb3 {[%clk 1:18:30]} c5
{[%clk 1:01:03]} 15. dxc5 {[%clk 1:15:12]} Bxc5 {[%clk 0:59:42]} 16. Rac1
{[%clk 1:13:28]} a5 {[%clk 0:54:59]} 17. a3 {[%clk 1:09:49]} Rd8 {[%clk 0:53:57]}
18. Rc4 {[%clk 1:05:53]} h6 {[%clk 0:53:39]} 19. Be5 {[%clk 0:58:55]} Qd7
{[%clk 0:46:25]} 20. h3 {[%clk 0:53:04]} Rc8 {[%clk 0:38:12]} 21. Rd1
{[%clk 0:35:30]} b5 {[%clk 0:22:37]} 22. Rc2 {[%clk 0:33:57]} Qa7
{[%clk 0:11:03]} 23. e4 {[%clk 0:25:39]} Nf6 {[%clk 0:11:28]} 24. Bxf6
{[%clk 0:23:47]} gxf6 {[%clk 0:11:53]} 25. Qxb5 {[%clk 0:23:56]} Rc7
{[%clk 0:11:54]} 26. Kf1 {[%clk 0:19:26]} Rfc8 {[%clk 0:11:49]} 27. Rdc1
{[%clk 0:18:49]} Bb6 {[%clk 0:08:36]} 28. Qd3 {[%clk 0:17:18]} Rxc2
{[%clk 0:08:34]} 29. Rxc2 {[%clk 0:17:42]} Rd8 {[%clk 0:08:58]} 30. Qe2
{[%clk 0:17:15]} Bc5 {[%clk 0:08:12]} 31. g3 {[%clk 0:16:20]} Bf8
{[%clk 0:07:28]} 32. Kg1 {[%clk 0:14:27]} Qb7 {[%clk 0:06:40]} 33. Kg2
{[%clk 0:12:58]} Rd6 {[%clk 0:05:26]} 34. h4 {[%clk 0:12:19]} Bg7
{[%clk 0:03:58]} 35. h5 {[%clk 0:08:52]} Kh7 {[%clk 0:01:56]} 36. Nd2
{[%clk 0:04:51]} a4 {[%clk 0:01:15]} 37. Nc4 {[%clk 0:04:24]} Rd4
{[%clk 0:01:33]} 38. f3 {[%clk 0:04:25]} Qb5 {[%clk 0:01:53]} 39. g4
{[%clk 0:03:58]} f5 {[%clk 0:01:09]} 40. exf5 {[%clk 0:33:41]} exf5
{[%clk 0:32:00]} 41. Ne3 {[%clk 0:32:35]} Qxe2+ {[%clk 0:32:18]} 42. Rxe2
{[%clk 0:32:59]} fxg4 {[%clk 0:32:41]} 43. fxg4 {[%clk 0:33:03]} Rd3
{[%clk 0:33:01]} 44. Nf5 {[%clk 0:32:19]} Bf6 {[%clk 0:30:32]} 45. Re4
{[%clk 0:29:27]} Bxb2 {[%clk 0:30:30]} 46. Re7 {[%clk 0:27:27]} Bc1
{[%clk 0:30:08]} 47. Rxf7+ {[%clk 0:26:08]} Kg8 {[%clk 0:30:35]} 48. Rg7+
{[%clk 0:25:19]} Kh8 {[%clk 0:30:56]} 49. Rg6 {[%clk 0:25:37]} Kh7
{[%clk 0:31:20]} 50. Rg7+ {[%clk 0:25:57]} Kh8 {[%clk 0:31:46]} 51. Rg6
{[%clk 0:26:04]} Kh7 {[%clk 0:32:13]} 52. Rg7+ {[%clk 0:26:16]} 1/2-1/2

[Event "Team men PL final"]
[Site "Sochi"]
[Date "2018.05.07"]
[Round "6.3"]
[White "Matlakov, Maxim"]
[Black "Iljiushenok, Ilia"]
[Result "0-1"]
[BlackElo "2516"]
[WhiteElo "2704"]
[LiveChessVersion "1.4.8"]

1. d4 {[%clk 1:30:54]} Nf6 {[%clk 1:30:51]} 2. Nf3 {[%clk 1:30:57]} g6
{[%clk 1:31:08]} 3. c4 {[%clk 1:31:14]} Bg7 {[%clk 1:31:15]} 4. g3
{[%clk 1:31:37]} O-O {[%clk 1:31:27]} 5. Bg2 {[%clk 1:32:01]} d6 {[%clk 1:31:18]}
6. Nc3 {[%clk 1:31:29]} Nc6 {[%clk 1:30:33]} 7. O-O {[%clk 1:28:21]} a6
{[%clk 1:29:37]} 8. b3 {[%clk 1:28:05]} Rb8 {[%clk 1:28:10]} 9. d5
{[%clk 1:28:23]} Na5 {[%clk 1:22:24]} 10. Bg5 {[%clk 1:25:19]} c5
{[%clk 1:16:56]} 11. dxc6 {[%clk 1:23:19]} Nxc6 {[%clk 1:16:38]} 12. Rc1
{[%clk 1:22:50]} Bd7 {[%clk 1:08:17]} 13. e4 {[%clk 1:13:45]} b5 {[%clk 1:02:58]}
14. cxb5 {[%clk 1:10:59]} axb5 {[%clk 1:03:22]} 15. Qe2 {[%clk 1:10:28]} h6
{[%clk 0:56:47]} 16. Bd2 {[%clk 1:00:34]} b4 {[%clk 0:42:08]} 17. Nd5
{[%clk 0:57:19]} Ng4 {[%clk 0:41:34]} 18. Rfd1 {[%clk 0:50:34]} e6
{[%clk 0:37:14]} 19. Ne3 {[%clk 0:50:14]} Nge5 {[%clk 0:36:38]} 20. Nxe5
{[%clk 0:39:44]} Nxe5 {[%clk 0:37:03]} 21. Nc4 {[%clk 0:39:52]} Bb5
{[%clk 0:34:21]} 22. Be3 {[%clk 0:37:44]} Qe7 {[%clk 0:33:10]} 23. Qd2
{[%clk 0:33:47]} Bxc4 {[%clk 0:29:26]} 24. bxc4 {[%clk 0:34:11]} Rfc8
{[%clk 0:29:40]} 25. Bxh6 {[%clk 0:31:55]} Nxc4 {[%clk 0:26:41]} 26. Qf4
{[%clk 0:27:14]} Bxh6 {[%clk 0:24:28]} 27. Qxh6 {[%clk 0:26:30]} Rc5
{[%clk 0:24:28]} 28. Bf1 {[%clk 0:23:09]} Rbc8 {[%clk 0:18:55]} 29. h4
{[%clk 0:18:52]} Ne5 {[%clk 0:14:39]} 30. Be2 {[%clk 0:17:30]} Rc2
{[%clk 0:12:56]} 31. Rxc2 {[%clk 0:15:14]} Rxc2 {[%clk 0:11:19]} 32. Rd2
{[%clk 0:15:39]} Qc7 {[%clk 0:07:14]} 33. h5 {[%clk 0:14:41]} gxh5
{[%clk 0:05:53]} 34. Bxh5 {[%clk 0:13:54]} Qc3 {[%clk 0:05:20]} 35. Rd1
{[%clk 0:09:04]} Rxa2 {[%clk 0:04:41]} 36. Kg2 {[%clk 0:03:43]} Qc5
{[%clk 0:03:59]} 37. Qf6 {[%clk 0:02:44]} b3 {[%clk 0:03:15]} 38. Rh1
{[%clk 0:02:02]} Qc2 {[%clk 0:03:09]} 39. Qg5+ {[%clk 0:00:52]} Kf8
{[%clk 0:03:13]} 40. Qd8+ {[%clk 0:31:42]} Kg7 {[%clk 0:34:10]} 41. Qg5+
{[%clk 0:31:29]} Ng6 {[%clk 0:28:53]} 42. Bxg6 {[%clk 0:30:28]} Qxf2+
{[%clk 0:29:13]} 43. Kh3 {[%clk 0:30:54]} fxg6 {[%clk 0:25:17]} 44. Qe7+
{[%clk 0:30:51]} Qf7 {[%clk 0:24:07]} 45. Qxd6 {[%clk 0:31:16]} Qf3
{[%clk 0:21:18]} 46. Qe5+ {[%clk 0:26:43]} Kh7 {[%clk 0:13:56]} 47. Rc1
{[%clk 0:25:40]} Qg2+ {[%clk 0:13:31]} 48. Kh4 {[%clk 0:24:20]} Qh2+
{[%clk 0:10:20]} 49. Kg4 {[%clk 0:24:40]} Qe2+ {[%clk 0:08:03]} 50. Kh4
{[%clk 0:24:34]} g5+ {[%clk 0:06:18]} 51. Qxg5 {[%clk 0:11:02]} Qxe4+
{[%clk 0:06:45]} 52. Qf4 {[%clk 0:11:23]} Rh2+ {[%clk 0:05:56]} 53. Kg4
{[%clk 0:11:52]} Qg6+ {[%clk 0:06:20]} 54. Qg5 {[%clk 0:12:03]} Rc2
{[%clk 0:06:07]} 55. Qxg6+ {[%clk 0:09:56]} Kxg6 {[%clk 0:06:36]} 56. Rb1
{[%clk 0:10:19]} Rc4+ {[%clk 0:04:53]} 57. Kf3 {[%clk 0:10:45]} Rb4
{[%clk 0:05:20]} 58. Rb2 {[%clk 0:10:52]} Kg5 {[%clk 0:04:59]} 59. g4
{[%clk 0:11:04]} e5 {[%clk 0:04:49]} 0-1